Entry Término temático
001 - NÚMERO DE CONTROL
- campo de control: 85533
003 - IDENTIFICADOR DEL NÚMERO DE CONTROL
- campo de control: DO-SdBNP
005 - FECHA Y HORA DE LA ÚLTIMA TRANSACCIÓN
- campo de control: 20240521192342.0
008 - DATOS DE LONGITUD FIJA
- campo de control de longitud fija: 240521|| aca||babn | a|a d
010 ## - NÚMERO DE CONTROL DE LA BIBLIOTECA DEL CONGRESO
- Número de control de LC: sh 85031319
040 ## - FUENTE DE LA CATALOGACIÓN
- Centro catalogador/agencia de origen: DO-SdBNP
- Lengua de catalogación: spa
- Centro/agencia transcriptor: BNPHU
- Normas de descripción: rda
150 ## - ENCABEZAMIENTO--TÉRMINO DE MATERIA
- Término de materia o nombre geográfico como elemento de entrada: Reformas constitucionales
450 0# - TRAZADO DE VÉASE--TÉRMINO DE MATERIA
- Término de materia o nombre geográfico como elemento de entrada: Constitutional amendments
450 0# - TRAZADO DE VÉASE--TÉRMINO DE MATERIA
- Término de materia o nombre geográfico como elemento de entrada: Enmiendas constitucionales
550 ## - TRAZADO VÉASE ADEMÁS--TÉRMINO DE MATERIA
- Término de materia o nombre geográfico como elemento de entrada: Derecho constitucional
- Subcampo de control: g
550 ## - TRAZADO VÉASE ADEMÁS--TÉRMINO DE MATERIA
- Término de materia o nombre geográfico como elemento de entrada: Constituciones
- Subcampo de control: g
550 ## - TRAZADO VÉASE ADEMÁS--TÉRMINO DE MATERIA
- Término de materia o nombre geográfico como elemento de entrada: Enmiendas a la igualdad de derechos
- Subcampo de control: h
670 ## - FUENTE DE DATOS ENCONTRADOS
- Identificador Uniforme del Recurso: https://authorities.loc.gov/cgi-bin/Pwebrecon.cgi?AuthRecID=4683547&v1=1&HC=3&SEQ=20240521191329&PID=dFeHQMkp43hij-ae3JrLmu2dvH Consultado en 21 de Mayo, 2024
670 ## - FUENTE DE DATOS ENCONTRADOS
- Identificador Uniforme del Recurso: https://librunam.dgb.unam.mx:8443/F/DM9S4XSLBD7TLG1SUKTNDR261BLL6LEXVV7XG2XJGUYLC6LRPQ-06197?func=full-set-set&set_number=030296&set_entry=000001&format=001 Consultado en 21 de Mayo, 2024
680 ## - NOTA GENERAL PÚBLICA
- Texto explicativo: Aquí se asientan las colecciones de textos de enmiendas constitucionales, textos de las distintas enmiendas constitucionales, las obras acerca de la reforma constitucional y el proceso de enmienda. Los textos de las enmiendas constitucionales individuales se asignan encabezamiento (s) adicionales por el tema de la enmienda. Trabajos sobre las distintas enmiendas a la Constitución se asignan encabezamientos adicionales para el tema de la enmienda, así como el nombre apropiado del encabezamiento nombre-título que designa la enmienda
